Vista normal Vista MARC

Entrada Materia (personas)

Número de registros utilizados en: 2

001 - CONTROL NUMBER

  • control field: 49143

003 - CONTROL NUMBER IDENTIFIER

  • control field: Co-BoUCM

005 - DATE AND TIME OF LATEST TRANSACTION

  • control field: 20131028085041.0

008 - FIXED-LENGTH DATA ELEMENTS

  • fixed length control field: 131028|| aca||aabn | a|a d

040 ## - CATALOGING SOURCE

  • Original cataloging agency: Co-BoUCM
  • Transcribing agency: Co-BoUCM

100 ## - HEADING--PERSONAL NAME

  • Personal name: Castillo de Bobadilla, Jerónimo
  • Dates associated with a name: b. 1547

670 ## - SOURCE DATA FOUND

  • Source citation: Work cat.: (Co-BoUCM)36439: Castillo de Bobadilla, Jerónimo b. 1547, Politica para corregidores y señores de vasallos en tiempos de paz, y de guerra, y para prelados en lo espiritual, y temporal entre legos, Jueces de Comisión, Regidores, Abogados y otros oficios públicos ..., 1775